Riadenie pedagogického rozvoja v škole z hľadiska uplatňovania kľúčových kompetencií žiakov nutnosť zmien v zaužívaných prístupoch

Pedagogický rozvoj v rámci strategických zámerov. Nové pracovné postupy a kvalita procesu vyučovania. Realizácia výskumnej úlohy s názvom Triedny manažment z hľadiska zabezpečovania kľúčových kompetencií žiakov. Závery a odporúčania výskumu.

Uložené v:
Podrobná bibliografia
Hlavný autor: Uhereková, Mária
Ďalší autori: Braunová, Jarmila
Médium: Kapitola
Jazyk:Slovak
Predmet:
Tagy: Pridať tag
Žiadne tagy, Buďte prvý, kto otaguje tento záznam!

MARC

LEADER 00000naa$a2200000$$$4500
001 0100030
005 20231127101827.6
041 0 |a slo 
044 |a SK 
245 1 0 |a Riadenie pedagogického rozvoja v škole z hľadiska uplatňovania kľúčových kompetencií žiakov  |b nutnosť zmien v zaužívaných prístupoch  |c Mária Uhereková, Jarmila Braunová 
520 |a Pedagogický rozvoj v rámci strategických zámerov. Nové pracovné postupy a kvalita procesu vyučovania. Realizácia výskumnej úlohy s názvom Triedny manažment z hľadiska zabezpečovania kľúčových kompetencií žiakov. Závery a odporúčania výskumu. 
610 2 0 |a vyučovanie 
610 2 0 |a učitelia 
610 2 0 |a školy 
610 2 0 |a kompetencie 
610 2 0 |a študenti 
610 2 0 |a pedagogika 
100 1 |a Uhereková, Mária 
700 1 |a Braunová, Jarmila